| 000 | 00825nam a2200229 a 4500 | ||
|---|---|---|---|
| 001 | BRCA_9031 | ||
| 005 | 20190320210511.0 | ||
| 008 | 020817s2012----mx-a######---#000-0#spa-# | ||
| 041 | _aspa | ||
| 044 | _amx | ||
| 050 | 4 |
_aF1391 _b.S26 2012 |
|
| 245 | 1 | 0 |
_aSan Ángel _bmorada de artistas _cfotografía Pedro Hiriat, Alejandro Vélez, Agustín Estrada. |
| 260 |
_aMéxico _bCentro Cultural Isidro Fabela _c2012 |
||
| 300 |
_a1 v. (sin paginación) _bil. a color _c29 cm. |
||
| 500 | _aIncluye catálogo de obra | ||
| 651 | 4 |
_aAlvaro Obregón (Distrito Federal, México) _vTrabajos Ilustrados _922393 |
|
| 651 | 4 |
_aMéxico (Ciudad) _xVida social y costumbres _zSan Ángel _922394 |
|
| 700 | 1 |
_aHiriat, Pedro _eil. _922395 |
|
| 700 | 1 |
_aVélez, Alejandro _eil. _922396 |
|
| 700 | 1 |
_aEstrada, Agustín _eil. _922397 |
|
| 942 |
_2lcc _cB |
||
| 999 |
_c8682 _d8682 |
||